Numerical investigation of residual thermal stresses in welded joints of heterogeneous steels with account of technological features of multi-pass welding; Applied Mathematical Modelling; Vol. 42

Dades bibliogràfiques
Parent link:Applied Mathematical Modelling: Scientific Journal
Vol. 42.— 2016.— [P. 244–256]
Autor principal: Krektuleva R. A. Raisa Alekseevna
Autor corporatiu: Национальный исследовательский Томский политехнический университет (ТПУ) Институт неразрушающего контроля (ИНК) Кафедра оборудования и технологии сварочного производства (ОТСП)
Altres autors: Cherepanov O. I. Oleg Ivanovich, Cherepanov R. O.
Sumari:Title screen
The paper describes a two-dimensional mathematical model to evaluate stresses in welded joints formed in multi-pass welding of multi-layered steels. The model is based on a system of equations that includes the Lagrange's variational equation of the incremental theory of plasticity and the Biot's variational principle for heat transfer simulation. In the constitutive equations, the changes in the volume which occur as a result of phase transitions can be taken into account. Therefore, the prehistory and impact of thermal processing of materials on macroscopic properties of the medium can be considered.
Режим доступа: по договору с организацией-держателем ресурса
Idioma:anglès
Publicat: 2016
Matèries:
Accés en línia:http://dx.doi.org/10.1016/j.apm.2016.10.005
Format: MixedMaterials Electrònic Capítol de llibre
KOHA link:https://koha.lib.tpu.ru/cgi-bin/koha/opac-detail.pl?biblionumber=652451

MARC

LEADER 00000naa0a2200000 4500
001 652451
005 20250127154929.0
035 |a (RuTPU)RU\TPU\network\17761 
035 |a RU\TPU\network\12640 
090 |a 652451 
100 |a 20161226d2016 k||y0engy50 ba 
101 0 |a eng 
102 |a FR 
135 |a drcn ---uucaa 
181 0 |a i  
182 0 |a b 
200 1 |a Numerical investigation of residual thermal stresses in welded joints of heterogeneous steels with account of technological features of multi-pass welding  |f R. A. Krektuleva, O. I. Cherepanov, R. O. Cherepanov 
203 |a Text  |c electronic 
300 |a Title screen 
320 |a [References: p. 256 (29 tit.)] 
330 |a The paper describes a two-dimensional mathematical model to evaluate stresses in welded joints formed in multi-pass welding of multi-layered steels. The model is based on a system of equations that includes the Lagrange's variational equation of the incremental theory of plasticity and the Biot's variational principle for heat transfer simulation. In the constitutive equations, the changes in the volume which occur as a result of phase transitions can be taken into account. Therefore, the prehistory and impact of thermal processing of materials on macroscopic properties of the medium can be considered. 
333 |a Режим доступа: по договору с организацией-держателем ресурса 
461 |t Applied Mathematical Modelling  |o Scientific Journal 
463 |t Vol. 42  |v [P. 244–256]  |d 2016 
610 1 |a электронный ресурс 
610 1 |a труды учёных ТПУ 
610 1 |a остаточные напряжения 
610 1 |a структурная гетерогенность 
610 1 |a деформации 
610 1 |a сварные соединения 
610 1 |a стали 
610 1 |a сварка 
700 1 |a Krektuleva  |b R. A.  |c specialist in the field of welding production  |c Associate Professor of Tomsk Polytechnic University, Candidate of physical and mathematical sciences  |f 1948-  |g Raisa Alekseevna  |3 (RuTPU)RU\TPU\pers\34674 
701 1 |a Cherepanov  |b O. I.  |g Oleg Ivanovich 
701 1 |a Cherepanov  |b R. O. 
712 0 2 |a Национальный исследовательский Томский политехнический университет (ТПУ)  |b Институт неразрушающего контроля (ИНК)  |b Кафедра оборудования и технологии сварочного производства (ОТСП)  |3 (RuTPU)RU\TPU\col\18708 
801 2 |a RU  |b 63413507  |c 20161226  |g RCR 
856 4 |u http://dx.doi.org/10.1016/j.apm.2016.10.005 
942 |c CF